Smart Search in an Artworks Database Using Vision-Language Models

Saved in:
Bibliographic Details
Main Author: Kolotusha, Anton (Author)
Other Authors: Marák, Pavol (Thesis advisor)
Format: Manuscript Book
Language:Slovak
English
Published: Bratislava : STU v Bratislave FEI, 2025
Subjects:
Online Access:https://opac.crzp.sk/?fn=detailBiblioFormChildI11DJF&sid=BA75C2D62745AD5723EF9B9ED92F&seo=CRZP-detail-kniha
Tags: Add Tag
No Tags, Be the first to tag this record!

MARC

LEADER 00000ntm a22000003a 4500
001 stuzp102089
003 SK-STU
005 20251112142408.4
007 ta
008 150427s2015----xo-----f-mn---000-0-slo-d
040 |a STU  |b slo 
041 0 |a eng 
044 |a xo 
100 1 |a Kolotusha, Anton  |u 035000  |4 aut  |U FEI Fakulta elektrotechniky a informatiky  |T FEI Ústav informatiky a matematiky  |X 122311  |U E050  |Y 816  |7 122311 
242 0 1 |a Inteligentné vyhľadávanie v databáze umeleckých diel s využitím vision-language modelov  |y slo 
245 1 0 |a Smart Search in an Artworks Database Using Vision-Language Models 
260 |a Bratislava :  |b STU v Bratislave FEI,  |c 2025 
300 |a 88 s. 
650 4 |a dotazy v prirodzenom jazyku  |2 slo 
650 4 |a vizuálne otázky a odpovede  |2 slo 
650 4 |a vision-language modely  |2 slo 
650 4 |a vyhľadávanie objektov  |2 slo 
650 4 |a umelecké diela  |2 slo 
650 4 |a Artworks  |2 eng 
650 4 |a Object retrieval  |2 eng 
650 4 |a Visual question answering  |2 eng 
650 4 |a Vision-language models  |2 eng 
650 4 |a Natural-language queries  |2 eng 
700 1 |a Marák, Pavol  |u 035000  |k Z1  |4 ths  |U FEI Fakulta elektrotechniky a informatiky  |T FEI Ústav informatiky a matematiky  |X 50790  |U E050  |Y 816  |7 A000050790 
856 4 |u https://opac.crzp.sk/?fn=detailBiblioFormChildI11DJF&sid=BA75C2D62745AD5723EF9B9ED92F&seo=CRZP-detail-kniha